Identity Based Encryption for Secure Email / (Record no. 608151)

000 -LEADER
fixed length control field 00678nam a22001457a 4500
040 ## - CATALOGING SOURCE
Transcribing agency MCS (NUST)
082 ## - DEWEY DECIMAL CLASSIFICATION NUMBER
Classification number 005.8,SAM
100 ## - MAIN ENTRY--PERSONAL NAME
Personal name Sami, Sadia
9 (RLIN) 35203
245 ## - TITLE STATEMENT
Title Identity Based Encryption for Secure Email /
Statement of responsibility, etc. Sadia Sami
260 ## - PUBLICATION, DISTRIBUTION, ETC.
Place of publication, distribution, etc. Rawalpndi
Name of publisher, distributor, etc. MCS (NUST)
Date of publication, distribution, etc. Apr 2016
300 ## - PHYSICAL DESCRIPTION
Extent xi, 58 p,
505 ## - FORMATTED CONTENTS NOTE
Formatted contents note Introduction (Page-1), Literature Review (Page-5), Analysis of IB Key Agreement Protocol for Multiple PKGs and IBE Based Email Systems (Page-19), Proposed IBE Scheme for Secure Email in Multiple PKG Environment (Page-33), Performance Evaluation and Security Analysis (Page-43), Conclusion (Page-50).
650 ## - SUBJECT ADDED ENTRY--TOPICAL TERM
Topical term or geographic name entry element PG Thesis
9 (RLIN) 35000
942 ## - ADDED ENTRY ELEMENTS (KOHA)
Source of classification or shelving scheme
Koha item type Thesis
Call number prefix 005.8,SAM
Holdings
Withdrawn status Lost status Source of classification or shelving scheme Damaged status Not for loan Permanent Location Current Location Shelving location Date acquired Total Checkouts Full call number Barcode Date last seen Price effective from Koha item type Public note
          Military College of Signals (MCS) Military College of Signals (MCS) General Stacks 02/26/2024   005.8,SAM MCSTIS-408 02/26/2024 02/26/2024 Thesis Only Hard Copy Available
© 2023 Central Library, National University of Sciences and Technology. All Rights Reserved.